| 000 | 01143nam a2200253 a 4500 | ||
|---|---|---|---|
| 003 | OSt | ||
| 005 | 20131009173823.0 | ||
| 008 | 131009s2003 ag ||||| |||| 10| 0 spa d | ||
| 040 | _cBiblioteca Medicina | ||
| 041 | _aspa | ||
| 082 | _bCONGRESOS 006 | ||
| 111 | 2 |
_aAsociacion de Facultades de Ciencias Medicas de la Republica Argentina _92691 |
|
| 245 | 0 | 0 | _aInnovaciones para la Calidad de la Educacion Medica. Programa de la V Conferencia Argentina de Educacion Medica |
| 260 |
_aLa Plata _bAFACIMERA _c2003 |
||
| 300 | _a24 p. | ||
| 518 | _aLa Plata, Argentina. 10 al 12 de Octubre de 2003 | ||
| 653 | _aEDUCACION MEDICA-CONFERENCIA-2003 | ||
| 653 | _aCAEM-CONFERENCIA-2003 | ||
| 942 |
_2ddc _cPH |
||
| 999 |
_c1778 _d1778 |
||
| 952 |
_40 _00 _bBFM _10 _oCONGRESOS 006 _d2013-10-09 _tEj. 1 _8NFIC _70 _cCR _2ddc _yPH _aBFM |
||
| 952 |
_40 _00 _bBFM _10 _oCONGRESOS 006 _d2013-10-09 _tEj. 2 _8NFIC _70 _cCR _2ddc _yPH _aBFM |
||
| 952 |
_40 _00 _bBFM _10 _oCONGRESOS 006 _d2013-10-09 _tEj. 3 _8NFIC _70 _cCR _2ddc _yPH _aBFM |
||
| 952 |
_40 _00 _bBFM _10 _oCONGRESOS 006 _d2013-10-09 _tEj. 4 _8NFIC _70 _cCR _2ddc _yPH _aBFM |
||